Największe jeziora na świecie - Statystyki

Ogólne statystyki
  • Ten quiz został rozwiązany 28 razy
  • Średni wynik to 5 z 10
Statystyki odpowiedzi
Hint Odpowiedź % Poprawnych
Rosja Bajkał
93%
Kenia, Tanzania, Uganda Jezioro Wiktorii
78%
Azerbejdżan, Iran,Kazachstan, Rosja,
Turkmenistan
Morze Kaspijskie
74%
Stany Zjednoczone Michigan
67%
Kanada, USA Jezioro Górne
59%
Burundi, DRK, Tanzania, Zambia Tanganika
48%
Kanada, USA Huron
37%
Malawi, Mozambik, Tanzania Niasa
37%
Kanada Jezioro Wielkie Niedźwiedzie
19%
Kanada Jezioro Wielkie Niewolnicze
15%
Nie znaleziono quizów pasujących do podanych kryteriów
Rozkład punktacji
Procent ludzi z każdym wynikiem
Percentyl według liczby udzielonych odpowiedzi
Twoja historia wyników
Nie rozwiązałeś tego quizu